Notas para el estudio económico de América Latina, 1983, El Salvador

Kaydedildi:
Detaylı Bibliyografya
Müşterek Yazar: CEPAL
Materyal Türü: Metin
Baskı/Yayın Bilgisi: CEPAL
Etiketler: Etiketle
Etiket eklenmemiş, İlk siz ekleyin!

MARC

LEADER 00000 a a2200000 04500
001 24625
003
040
090 |a 169700  
110 |a CEPAL  
245 |a Notas para el estudio económico de América Latina, 1983, El Salvador  
260 |a CEPAL  
300 |a 53 p.   |b **no definido**  
999 |c 17325  |d 17325